| 000 | 00445nam a22001577a 4500 | ||
|---|---|---|---|
| 005 | 20260305101940.0 | ||
| 008 | 260305b |||||||| |||| 00| 0 eng d | ||
| 020 | _a9781439818213 (hbk) | ||
| 040 | _cPK-LaUMT | ||
| 082 |
_a613.2024796 _bNUT- |
||
| 245 |
_aNutritional assessment of athletes / _cedited by Judy A. Driskell and Ira Wolinsky |
||
| 250 | _a2nd ed. | ||
| 260 |
_aBoca Raton : _bCRC Press, _c2011 |
||
| 300 | _a393 p. | ||
| 942 | _cBK | ||
| 999 |
_c139976 _d139976 |
||